• 首页
  • 本馆介绍
  • 公告通知
  • 最新文献
  • 馆藏检索
  • 电子资源
  • 读者导购
  • 参考咨询
  • 我的图书馆
  • 登录
  • 详细信息显示
  • 放入我的书架
  • 预约/预借图书
  • 作者相关作品
  • 分类相关作品
  • 丛书相关作品
  • 出版社相关作品

书目信息

  • 表格格式
  • 工作单格式
  • 卡片格式
题名:
中国粮食文化概说
    
 
作者: 李建成 著
分册:  
出版信息: 北京   中国农业出版社  2011
页数: 282页
开本: 21cm
丛书名:
单 册:
中图分类: S37
科图分类:
主题词: 粮食--文化--中国 , 粮食
电子资源:
ISBN: 978-7-109-16085-9
000 00879nam0 2200241 45
001 1355442671
005 20130513145727.31
010    @a978-7-109-16085-9@dCNY30.00
100    @a20130108d2011 em y0chiy50 ea
101 0  @achi
102    @aCN@b110000
105    @aa z 000yy
106    @ar
200 1  @a中国粮食文化概说@AZhong Guo Liang Shi Wen Hua Gai Shuo@f李建成著@FLi Jian Cheng Zhu
210    @a北京@c中国农业出版社@d2011
215    @a282页@c图@d21cm
330    @a本书提出并阐述了粮食文化的概念、特征、构成要素及结构形式。以文化学理论构架为纬,以粮食文化史为经,将粮食文化置于中华文化的总体格局中,从物质、行为、制度、精神四个层面进行全面考察,多角度地展示了中国粮食文化的精粹。
606 0  @a粮食@x文化@y中国
606 0  @a粮食
690    @aS37@v5
701  0 @g(回)@a李建成@ALi Jian Cheng@4著
801    @aCN@bTANGWEI@c20130111
905    @b0831442-44@dS37@e42@f3
    
    中国粮食文化概说/李建成著.-北京:中国农业出版社,2011
    282页:图;21cm
    
    
    ISBN 978-7-109-16085-9:CNY30.00
    本书提出并阐述了粮食文化的概念、特征、构成要素及结构形式。以文化学理论构架为纬,以粮食文化史为经,将粮食文化置于中华文化的总体格局中,从物质、行为、制度、精神四个层面进行全面考察,多角度地展示了中国粮食文化的精粹。
●
相关链接 在E读中查询图书 在五车中查询图书 在当当中查询图书 在豆瓣中查询图书


正题名:中国粮食文化概说     索取号:S37/42         预约/预借

序号 登录号 条形码 馆藏地/架位号 状态 备注
1 0831442   208314420   第二样本阅览室/ [索取号:S37/42] 在馆    
2 0831443   208314439   第三借阅区/ [索取号:S37/42] 在馆    
3 0831444   208314448   第三借阅区/ [索取号:S37/42] 在馆    
唐山师范学院图书馆 欢迎您!
大连网信软件有限公司© 版权所有